| 000 | 00841nam a2200265Ia 4500 | ||
|---|---|---|---|
| 003 | OSt | ||
| 005 | 20220918185210.0 | ||
| 006 | a|||||r|||| 00| 0 | ||
| 007 | ta | ||
| 008 | 220917b |||||||| |||| 00| 0 eng d | ||
| 024 | _a50,064 | ||
| 037 | _cTextual | ||
| 040 |
_aARTS _cARTS _beng |
||
| 041 |
_2eng _aeng |
||
| 082 | _aP:(D65,8(B)), K6 (PD) | ||
| 100 |
_aGarvin Paul L ed _965548 |
||
| 245 | 0 |
_aComputeration in linguistics _b a case book |
|
| 260 |
_aBloomington _bIndian Univ Press _c1966 |
||
| 300 |
_axii,332p. _ccm. |
||
| 490 | _aIndina university tudies in the history and theory of linguistics ed by Thomas A Sebook | ||
| 650 | _aLINGUISTICS | ||
| 700 |
_a Spolsky Bernard ed _935159 |
||
| 942 |
_hP:(D65,8(B)), K6 (PD) _cTEXL _2CC |
||
| 999 |
_c179663 _d179663 |
||